[Event "Split op 11th"]
[Site "Split"]
[Date "2022.07.24"]
[Round "9"]
[White "Seppala, Joni"]
[Black "Bratosevic, Mladen"]
[Result "1/2-1/2"]
[WhiteElo "1851"]
[BlackElo "2113"]
[PlyCount "48"]
[EventDate "2022.07.16"]
[EventType "swiss"]
[EventRounds "9"]
[EventCountry "CRO"]
[SourceTitle "CBM 209 Extra"]
[Source "ChessBase"]
[SourceDate "2022.09.30"]
[SourceVersion "1"]
[SourceVersionDate "2022.09.30"]
[SourceQuality "1"]

1. d4 d5 2. c4 c6 3. Nc3 Nf6 4. Nf3 e6 5. Bg5 Nbd7 6. cxd5 exd5 7. e3 Bd6 8. Bd3 0-0 9. Qc2 Be7 10. 0-0 Re8 11. Rfc1 h6 12. Bf4 Nf8 13. Rab1 a5 14. a3 Bd6 15. Bxd6 Qxd6 16. b4 axb4 17. axb4 Be6 18. b5 N6d7 19. Na4 f6 20. Nc5 Nxc5 21. Qxc5 Qxc5 22. Rxc5 Bd7 23. Nh4 Ne6 24. Rcc1 Ra3 1/2-1/2

[Event "FIN-chT1A 1819"]
[Site "Finland"]
[Date "2018.09.15"]
[Round "1.5"]
[White "Seppala, Joni"]
[Black "Pitkaaho, Arto"]
[Result "1-0"]
[WhiteElo "1786"]
[BlackElo "2196"]
[PlyCount "73"]
[EventDate "2018.09.15"]
[EventType "team-tourn"]
[EventRounds "7"]
[EventCountry "FIN"]
[SourceTitle "EXT 2020"]
[Source "ChessBase"]
[SourceDate "2019.10.17"]
[SourceVersion "1"]
[SourceVersionDate "2019.10.17"]
[SourceQuality "1"]
[WhiteTeam "Helsinki Passi"]
[BlackTeam "Raahe Li"]
[WhiteTeamCountry "FIN"]
[BlackTeamCountry "FIN"]

1. d4 e6 2. c4 f5 3. g3 Nf6 4. Bg2 Be7 5. Nf3 0-0 6. 0-0 d6 7. Nc3 Ne4 8. Qc2 Nxc3 9. Qxc3 a5 10. b3 Bf6 11. Bb2 Nc6 12. Rfd1 Qe7 13. a3 e5 14. e3 g5 15. dxe5 dxe5 16. Qc2 g4 17. Ne1 e4 18. Bf1 Bxb2 19. Qxb2 Ne5 20. b4 Qf6 21. Kh1 Be6 22. Rac1 axb4 23. axb4 b5 24. cxb5 Ra2 25. Qd4 Rxf2 26. Kg1 Ra2 27. Rxc7 Qh6 28. Rd2 Rxd2 29. Qxd2 Qf6 30. Qc3 Rd8 31. b6 Bd5 32. b7 Bxb7 33. Kf2 Kh8 34. Be2 Ra8 35. Qd4 Rd8 36. Qc3 Rd7 37. Rxd7 1-0

[Event "Tampere We TammerSh B"]
[Site "Tampere"]
[Date "2018.03.31"]
[Round "1"]
[White "Keso, Elias"]
[Black "Seppala, Joni"]
[Result "0-1"]
[WhiteElo "1916"]
[BlackElo "1939"]
[PlyCount "74"]
[EventDate "2018.03.31"]
[EventType "swiss"]
[EventRounds "4"]
[EventCountry "FIN"]
[SourceTitle "EXT 2022"]
[Source "ChessBase"]
[SourceDate "2021.10.06"]
[SourceVersion "1"]
[SourceVersionDate "2021.10.06"]
[SourceQuality "1"]

1. c4 Nf6 2. Nc3 e6 3. e4 d5 4. e5 d4 5. exf6 dxc3 6. bxc3 Qxf6 7. d4 c5 8. Nf3 h6 9. Bd3 cxd4 10. cxd4 Bb4+ 11. Bd2 Bxd2+ 12. Qxd2 Nc6 13. Be4 0-0 14. Bxc6 bxc6 15. 0-0 Rd8 16. Qa5 c5 17. Qxc5 Bb7 18. Ne5 Qg5 19. f3 Qe3+ 20. Kh1 Rac8 21. Qe7 Qxd4 22. Qxf7+ Kh7 23. Qg6+ Kg8 24. Qxe6+ Kh7 25. Qg6+ Kg8 26. Nf7 Rc6 27. Nxh6+ Kh8 28. Nf7+ Kg8 29. Qh5 g6 30. Nh6+ Kg7 31. Qg5 Rc5 32. Qe7+ Kxh6 33. Qxb7 Rxc4 34. Rae1 Rc2 35. Re4 Qf2 36. Rg1 Qxg1+ 37. Kxg1 Rd1+ 0-1

[Event "FIN-chT2 Gp1 1718"]
[Site "Finland"]
[Date "2018.03.10"]
[Round "7.5"]
[White "Seppala, Joni"]
[Black "Hall, Raimo"]
[Result "1/2-1/2"]
[WhiteElo "1768"]
[BlackElo "1828"]
[PlyCount "167"]
[EventDate "2017.09.16"]
[EventType "team-tourn"]
[EventRounds "7"]
[EventCountry "FIN"]
[SourceTitle "EXT 2020"]
[Source "ChessBase"]
[SourceDate "2019.10.17"]
[SourceVersion "1"]
[SourceVersionDate "2019.10.17"]
[SourceQuality "1"]
[WhiteTeam "Helsinki Passi"]
[BlackTeam "Helsinki HSK III"]
[WhiteTeamCountry "FIN"]
[BlackTeamCountry "FIN"]

1. d4 e6 2. c4 f5 3. g3 Nf6 4. Bg2 c6 5. Nf3 d5 6. 0-0 Bd6 7. Nc3 0-0 8. Qc2 Qe8 9. Rb1 Na6 10. a3 Bd7 11. b4 Rc8 12. c5 Bc7 13. Rd1 Nb8 14. a4 Ne4 15. e3 a6 16. Bb2 Qh5 17. Ne2 g5 18. Ne5 Be8 19. Ba1 Nf6 20. Nd3 Kh8 21. Bf1 Qh6 22. Kg2 Rg8 23. Qc1 Bg6 24. f4 Ne4 25. fxg5 Nxg5 26. Nef4 Bh5 27. Qc2 Bxd1 28. Qxd1 Ne4 29. b5 axb5 30. axb5 Rce8 31. bxc6 bxc6 32. Rb7 Bxf4 33. exf4 Rg7 34. Rxg7 Qxg7 35. Ne5 Rg8 36. Qe1 h5 37. Bd3 Nf6 38. Qd1 h4 39. Qf3 hxg3 40. hxg3 Qa7 41. Qd1 Qa2+ 42. Kf3 Rg7 43. Qh1+ Rh7 44. Ng6+ Kg7 45. Nh4 Ng4 46. Bxf5 exf5 47. Nxf5+ Kh8 48. Qe1 Nh2+ 49. Ke3 Qc2 50. Qb4 Nf1+ 51. Kf3 Qd1+ 52. Kf2 Qd2+ 53. Qxd2 Nxd2 54. Kg2 Ne4 55. Bb2 Ra7 56. Kf3 Ra2 57. Bc1 Rc2 58. Be3 Kh7 59. Ne7 Rc3 60. g4 Nd2+ 61. Ke2 Nc4 62. Bf2 Rc2+ 63. Kf3 Nd2+ 64. Ke3 Ne4 65. Be1 Kg7 66. f5 Rg2 67. Kf4 Kf7 68. Ng6 Nf6 69. Ne5+ Kg7 70. Bh4 Re2 71. Kf3 Re4 72. Bf2 Nfd7 73. Nd3 Kh6 74. Be3+ Kg7 75. g5 Na6 76. Nf4 Nb4 77. Ne6+ Kf7 78. g6+ Kg8 79. Bh6 Nc2 80. Bg7 Re1 81. Kf2 Re4 82. Kf3 Re1 83. Kf2 Re4 84. Kf3 1/2-1/2

[Event "FIN-chT2 Gp2 1617"]
[Site "Finland"]
[Date "2016.10.08"]
[Round "2.5"]
[White "Lattu, Simo"]
[Black "Seppala, Joni"]
[Result "0-1"]
[WhiteElo "1872"]
[BlackElo "1766"]
[PlyCount "46"]
[EventDate "2016.09.17"]
[EventType "team-tourn"]
[EventRounds "7"]
[EventCountry "FIN"]
[SourceTitle "EXT 2019"]
[Source "ChessBase"]
[SourceDate "2018.10.10"]
[SourceVersion "1"]
[SourceVersionDate "2018.10.10"]
[SourceQuality "1"]
[WhiteTeam "Espoo MatSK III"]
[BlackTeam "Helsinki Passi"]
[WhiteTeamCountry "FIN"]
[BlackTeamCountry "FIN"]

1. b3 Nf6 2. Bb2 e6 3. e3 c5 4. Be2 Nc6 5. f4 Be7 6. Nf3 a6 7. 0-0 b5 8. c4 bxc4 9. Bxc4 0-0 10. Ne5 Bb7 11. Qe2 Nb4 12. a3 Nbd5 13. f5 a5 14. e4 Nb6 15. Nxf7 Rxf7 16. fxe6 Rf8 17. Rxf6 gxf6 18. e5 Nxc4 19. exf6 Bxf6 20. e7 Qxe7 21. Qxc4+ d5 22. Qg4+ Kh8 23. Nc3 d4 0-1

[Event "Wch U20 55th"]
[Site "Bhubaneswar"]
[Date "2016.08.18"]
[Round "10"]
[White "Skettos, Nicolas"]
[Black "Seppala, Joni"]
[Result "1/2-1/2"]
[WhiteElo "1561"]
[BlackElo "1765"]
[PlyCount "109"]
[EventDate "2016.08.08"]
[EventType "swiss"]
[EventRounds "13"]
[EventCountry "IND"]
[SourceTitle "CBM 173 Extra"]
[Source "ChessBase"]
[SourceDate "2016.08.29"]
[SourceVersion "1"]
[SourceVersionDate "2016.08.29"]
[SourceQuality "1"]

1. e4 c5 2. Nf3 d6 3. Bb5+ Nd7 4. 0-0 Ngf6 5. Re1 g6 6. c3 Bg7 7. d4 cxd4 8. cxd4 0-0 9. Nc3 a6 10. Bf1 b5 11. e5 Ne8 12. e6 fxe6 13. Ng5 Nc7 14. Qb3 Nb6 15. Be3 Bd7 16. g3 h6 17. Nh3 Qe8 18. Bg2 Rb8 19. Nf4 g5 20. Nd3 Bc6 21. Bh3 Qf7 22. Bg2 Bxg2 23. Kxg2 Nc4 24. Qd1 Nd5 25. Qe2 Qg6 26. Nxd5 Qe4+ 27. Kg1 Qxd5 28. Nb4 Qb7 29. b3 Nxe3 30. Qxe3 e5 31. d5 Qb6 32. Nc6 Qxe3 33. fxe3 Rb7 34. e4 Rc7 35. Kg2 e6 36. Rac1 exd5 37. exd5 Rcf7 38. Rf1 Rxf1 39. Rxf1 Rxf1 40. Kxf1 Kf7 41. g4 e4 42. a4 bxa4 43. bxa4 h5 44. h3 hxg4 45. hxg4 Be5 46. Ke2 Bf4 47. Nb8 Ke7 48. Nxa6 Kd7 49. Nb4 Kc7 50. Nc6 Kb6 51. Nd4 Ka5 52. Ne6 Bc1 53. Kd1 Be3 54. Ke2 Bc1 55. Kd1 1/2-1/2

[Event "Wch U20 55th"]
[Site "Bhubaneswar"]
[Date "2016.08.14"]
[Round "7"]
[White "Seppala, Joni"]
[Black "Nyamdorj, Davaaochir"]
[Result "0-1"]
[WhiteElo "1765"]
[BlackElo "2015"]
[PlyCount "112"]
[EventDate "2016.08.08"]
[EventType "swiss"]
[EventRounds "13"]
[EventCountry "IND"]
[SourceTitle "CBM 173 Extra"]
[Source "ChessBase"]
[SourceDate "2016.08.29"]
[SourceVersion "1"]
[SourceVersionDate "2016.08.29"]
[SourceQuality "1"]

1. d4 Nf6 2. c4 e6 3. Nf3 d5 4. Nc3 Be7 5. Bf4 0-0 6. e3 Nbd7 7. c5 c6 8. h3 b6 9. b4 a5 10. a3 h6 11. Bd3 Ba6 12. 0-0 Bxd3 13. Qxd3 Qc8 14. Rfc1 Qb7 15. Bg3 Rfc8 16. e4 axb4 17. axb4 bxc5 18. bxc5 Qb3 19. Nd2 Qb7 20. Rab1 Qa6 21. Qc2 Nh5 22. Bh2 Bg5 23. Rb2 Qa5 24. Rcb1 Nf4 25. Nf3 Rcb8 26. h4 Rxb2 27. Rxb2 Qa1+ 28. Qb1 Nd3 29. Rb3 Nc1 30. Rb2 Bf6 31. Bd6 dxe4 32. Nxe4 Bd8 33. Kh2 f5 34. Ned2 Nf6 35. Qxa1 Ng4+ 36. Kh3 Rxa1 37. Rb8 Ne2 38. Rxd8+ Kh7 39. g3 Nxf2+ 40. Kg2 Ng4 41. Be5 Nc3 42. Bf4 Ne4 43. Re8 e5 44. Nxe4 exf4 45. Ned2 Ne3+ 46. Kf2 Ng4+ 47. Kg2 Ne3+ 48. Kh2 Ng4+ 49. Kh3 Nf6 50. Rc8 Ra3 51. gxf4 Ne4 52. Nxe4 fxe4 53. Kg4 h5+ 54. Kxh5 exf3 55. Rb8 f2 56. Rb1 Rg3 0-1

[Event "Wch U20 55th"]
[Site "Bhubaneswar"]
[Date "2016.08.13"]
[Round "6"]
[White "Holleland, Sigve"]
[Black "Seppala, Joni"]
[Result "1/2-1/2"]
[WhiteElo "2106"]
[BlackElo "1765"]
[PlyCount "159"]
[EventDate "2016.08.08"]
[EventType "swiss"]
[EventRounds "13"]
[EventCountry "IND"]
[SourceTitle "CBM 173 Extra"]
[Source "ChessBase"]
[SourceDate "2016.08.29"]
[SourceVersion "1"]
[SourceVersionDate "2016.08.29"]
[SourceQuality "1"]

1. Nf3 Nf6 2. g3 d5 3. d4 g6 4. Bg2 Bg7 5. 0-0 0-0 6. c4 c6 7. Nc3 Bf5 8. cxd5 cxd5 9. Qb3 Bc8 10. Bf4 Nc6 11. Rfd1 e6 12. Rac1 Qb6 13. Qc2 Bd7 14. Na4 Qb5 15. Nc5 Rfc8 16. Bf1 Qb6 17. Bg5 Be8 18. Na4 Qd8 19. Qb1 h6 20. Bf4 Ne4 21. Nc3 Nd6 22. Bh3 a6 23. e4 dxe4 24. Nxe4 Nxe4 25. Qxe4 Ne7 26. Ne5 Rxc1 27. Rxc1 Qd5 28. Bg2 Rd8 29. Be3 Qxe4 30. Bxe4 Nd5 31. Bd2 Kf8 32. h4 h5 33. a3 Bb5 34. b3 Bf6 35. a4 Be8 36. Kf1 Kg7 37. Ke2 Kf8 38. f4 Kg7 39. Kf3 Kf8 40. Be1 Kg7 41. a5 Bb5 42. Bf2 Kf8 43. Nd3 Bxd3 44. Bxd3 Rd7 45. Be4 Ke7 46. Rc4 Kd6 47. Be1 Rc7 48. Ke2 Kd7 49. Bd2 Be7 50. Kd3 Bf6 51. Bf3 Ne7 52. Be4 Bg7 53. Bb4 Nd5 54. Bc5 Nf6 55. Bf3 Nd5 56. Rc2 Bf6 57. f5 Rc8 58. fxe6+ fxe6 59. Re2 Re8 60. Kc4 Kc6 61. Rxe6+ Rxe6 62. Bxd5+ Kd7 63. Bxe6+ Kxe6 64. d5+ Kd7 65. Be3 Bd8 66. b4 Bf6 67. Bg5 Be5 68. Bf4 Bb2 69. Kc5 Bc3 70. Bb8 Be1 71. Kc4 Bf2 72. Be5 Be1 73. Bf4 Bf2 74. d6 Be1 75. Kc5 Bc3 76. Kc4 Be1 77. Be5 Bf2 78. b5 Be1 79. bxa6 bxa6 80. Kd5 1/2-1/2

[Event "Wch U18"]
[Site "Durban"]
[Date "2014.09.20"]
[Round "1"]
[White "Torosyan, Norayr"]
[Black "Seppala, Joni"]
[Result "1-0"]
[WhiteElo "2321"]
[BlackElo "1766"]
[PlyCount "51"]
[EventDate "2014.09.20"]
[EventType "swiss"]
[EventRounds "11"]
[EventCountry "RSA"]
[SourceTitle "CBM 162 Extra"]
[Source "ChessBase"]
[SourceDate "2014.10.17"]
[SourceVersion "1"]
[SourceVersionDate "2014.10.17"]
[SourceQuality "1"]

1. e4 c5 2. Nf3 d6 3. Bb5+ Bd7 4. Bxd7+ Qxd7 5. c4 Nc6 6. d4 cxd4 7. Nxd4 Nf6 8. Nc3 e6 9. 0-0 Be7 10. Be3 Nxd4 11. Bxd4 0-0 12. Qe2 a6 13. a4 Rac8 14. b3 Qc6 15. f3 Rfd8 16. Rad1 Nd7 17. f4 Nc5 18. Qg4 Bf8 19. f5 exf5 20. exf5 Nxb3 21. Bxg7 h5 22. Qg3 Kh7 23. Bxf8 Rxf8 24. Nd5 Qxc4 25. Nf6+ Kh8 26. Qg5 1-0

[Event "FIN-ch U18"]
[Site "Espoo"]
[Date "2014.06.07"]
[Round "5"]
[White "Seppala, Joni"]
[Black "Sarkio, Lauri"]
[Result "1/2-1/2"]
[WhiteElo "1628"]
[BlackElo "1667"]
[PlyCount "57"]
[EventDate "2014.06.05"]
[EventType "tourn"]
[EventRounds "7"]
[EventCountry "FIN"]
[SourceTitle "EXT 2022"]
[Source "ChessBase"]
[SourceDate "2021.10.06"]
[SourceVersion "1"]
[SourceVersionDate "2021.10.06"]
[SourceQuality "1"]

1. d4 Nf6 2. c4 g6 3. Nc3 Bg7 4. e4 d6 5. Be2 0-0 6. Nf3 Nc6 7. 0-0 e5 8. d5 Ne7 9. b4 Nd7 10. Ne1 a5 11. Ba3 f5 12. f3 axb4 13. Bxb4 f4 14. Nd3 b6 15. a4 Ba6 16. Nb5 Nc5 17. Nf2 g5 18. a5 Kf7 19. axb6 cxb6 20. Qc2 h5 21. Ra2 Bxb5 22. Rxa8 Qxa8 23. Bxc5 Ba4 24. Qa2 bxc5 25. Ra1 Bc6 26. dxc6 Qxa2 27. Rxa2 Nxc6 28. Nd1 Bf6 29. Nc3 1/2-1/2

[Event "FIN-ch U18"]
[Site "Espoo"]
[Date "2014.06.05"]
[Round "2"]
[White "Hallman, Valo"]
[Black "Seppala, Joni"]
[Result "1-0"]
[WhiteElo "1774"]
[BlackElo "1628"]
[PlyCount "107"]
[EventDate "2014.06.05"]
[EventType "tourn"]
[EventRounds "7"]
[EventCountry "FIN"]
[SourceTitle "EXT 2022"]
[Source "ChessBase"]
[SourceDate "2021.10.06"]
[SourceVersion "1"]
[SourceVersionDate "2021.10.06"]
[SourceQuality "1"]

1. Nf3 d5 2. d4 Nf6 3. g3 Bg4 4. Bg2 e6 5. 0-0 Bd6 6. c4 c6 7. Nbd2 0-0 8. b3 Re8 9. Bb2 Nbd7 10. Ne5 Bh5 11. Rc1 Qa5 12. Re1 Bxe5 13. dxe5 Ng4 14. Bf3 g6 15. h3 Ngxe5 16. g4 Nxf3+ 17. Nxf3 Qxa2 18. Qc2 dxc4 19. Qc3 e5 20. bxc4 Nb6 21. Qb4 c5 22. Qb5 e4 23. Nd2 e3 24. fxe3 Na4 25. Rc2 Nxb2 26. Rxb2 Qa3 27. Rb3 Qa2 28. Rb2 Qa3 29. Qb3 Qxb3 30. Rxb3 Re7 31. gxh5 g5 32. Kf2 Kg7 33. Nf3 Kh6 34. Rg1 Rg8 35. Rd3 Kxh5 36. Rd5 f6 37. Rxc5 Rge8 38. Rd1 Rxe3 39. Rd2 Kg6 40. Rc7 R3e7 41. Rxe7 Rxe7 42. Rd4 b6 43. Nd2 Re6 44. Rd7 a5 45. e4 h6 46. Rd5 Rc6 47. Ke3 Re6 48. Kd4 h5 49. Nf3 g4 50. Nh4+ Kh6 51. Nf5+ Kg6 52. h4 a4 53. Rd7 Re5 54. Rg7# 1-0